00583nam a22002177a 450000500170000001000110001702000100002803500110003803700160004904000120006508200150007710000150009224500520010725000120015926000460017127000690021730000200028650000220030665000150032865000220034320170124105940.0 a302686 c10.00 a302686 bCen Lib/Ret aDPLbEN a915.4bROY aRoy, P. B. aIndia : cby P. B. Royba handbook of travel / a2nd ed  aCacutta bSaturday Mail Publcationsc1958 bDelhiaMotilal Banarasidass Post Box 1586, Bungalow Roade110006 a318p.c17cm(Hb) aIncludes indexes. aGeography  aIndian Geography